| 000 | 00618cam a22002051 4500 | ||
|---|---|---|---|
| 001 | agr48000461 | ||
| 003 | DLC | ||
| 005 | 20260227111009.0 | ||
| 008 | 760115s1948 dcua 000 0 engx | ||
| 010 | _aagr48000461 | ||
| 035 | _a(OCoLC)1929045 | ||
| 040 |
_aDLC _cDI _dDI _dDLC |
||
| 042 | _apremarc | ||
| 050 | 0 | 0 |
_aSD428.B53 _bA5 1948 |
| 110 | 1 |
_aUnited States. _bForest Service. |
|
| 245 | 1 | 0 | _aBlack Hills National Forest, 50th anniversary. |
| 260 |
_aWashington _b[U.S. Govt. Print. Off.] _c1948. |
||
| 300 |
_aiii, 43 p. _billus., group ports. _c24 cm. |
||
| 651 | 0 | _aBlack Hills National Forest (S.D. and Wyo.) | |
| 999 |
_c10894 _d10894 |
||